Language Quiz

Random Language Quiz

Quebec's bad words Quiz Stats

 Plays Quiz not verified by Sporcle

Support Sporcle.
Go Orange.
Score 0/14 Timer 02:00
0 Plays Today
Quebec's bad words % Correct
câlice
87.3%
ostie
86.7%
tabarnak
85.3%
crisse
58.7%
ciboire
54.7%
maudit
42%
sacrament
38.7%
Quebec's bad words % Correct
calvaire
24%
baptême
21.3%
viarge
20.7%
simonaque
18.7%
bâtard
12%
joualvert
4%
torrieux
2.7%

You're not logged in!

Compare scores with friends on all Sporcle quizzes.
OR
Log In
Forgot?

From the Vault

What Did I Type? (US States)

by chaosBEE

These states are just our type.
Remove Ads.
Support Sporcle.
Get the best of Sporcle when you Go Orange. This ad-free experience offers more features, more stats, and more fun while also helping to support Sporcle. Thank you for becoming a member.

Show Comments

Extras

Created Mar 4, 2011SourceReportNominate
Tags:Quebec

Top Quizzes Today


Score Distribution

Your Account Isn't Verified!

In order to create a playlist on Sporcle, you need to verify the email address you used during registration. Go to your Sporcle Settings to finish the process.

Report this User

Report this user for behavior that violates our Community Guidelines.

Details: